Tudo pronto para o Natal? (Registo nº 5991)
[ vista simples ]
| 000 -Etiqueta do registo | |
|---|---|
| Valores | 00736cam a2200241 4500 |
| 010 ## - Número ISBN | |
| ISBN | 9726493692 |
| 021 ## - Número do Depósito Legal | |
| Número | 87869/95 |
| 100 ## - Dados gerais de processamento | |
| Dados gerais | 20211231d1995 bc|y0pory5003 ba |
| 200 1# - Titulo e menção de responsabilidade | |
| Título próprio | Tudo pronto para o Natal? |
| Primeira menção de responsabilidade | il. Maggie Kneen |
| Outras menções de responsabilidade | trad. Isabel Ramalhete |
| 210 #9 - Publicação | |
| Local de publicação | [Porto] |
| Nome do editor | Desabrochar, |
| Data de publicação | 1995 |
| 215 ## - Descrição física | |
| Paginação / Volumes | 1 f. desdobr. em 19 p. |
| Outras indicações físicas | todo il. |
| Dimensões | 22 cm |
| 304 ## - Nota relativa ao título | |
| Texto de nota | T�it. orig.: Who's getting ready for Christmas? |
| 606 ## - Nome comum usado como assunto | |
| ID Autoridade | 14 |
| Palavra de ordem | Literatura infantil |
| 606 ## - Nome comum usado como assunto | |
| ID Autoridade | 13 |
| Palavra de ordem | Literatura Estrangeira |
| 675 ## - CDU | |
| Notação | 82-93 |
| Edição | BN |
| Língua | por |
| 675 ## - CDU | |
| Notação | 821.1/.8 |
| Edição | BN |
| Língua | por |
| 700 ## - Autor principal (pessoa individual) | |
| Apelido | Kneen |
| Nome | Maggie |
| ID Autoridade | 5669 |
| 702 ## - Autor secundário (pessoa individual) | |
| Apelido | Ramalhete |
| Nome | Isabel |
| ID Autoridade | 2088 |
| 801 #0 - Fonte de origem | |
| País | PT |
| Agência | BMVN |
| Regras de catalogação | RPC |
| 830 ## - Notas gerais do catalogador | |
| Criado por | Ana Caetano |
| Data de criação | 31/12/2021 |
| 990 ## - Elementos KOHA | |
| Tipo de documento | Livro |
| Situação do levantamento | Biblioteca de origem | Código de barras | Cota | Permissão de empréstimo | Tipo de documento | Forma de aquisição |
|---|---|---|---|---|---|---|
| Biblioteca Municipal de Vendas Novas | 100000016598 | LI EST/KNE | Livro |